Ligue 1, clubs de la saison 2022-2023. - Statistiques

Statistiques générales
  • Ce quiz a été pris 1 164 fois
    540 depuis la dernière actualisation
  • Le résultat moyen est 17 sur 20
Statistiques - réponses
Classement saison 2022 Club % Correct
2e Olympique de Marseille
100%
1er Paris SG
100%
8e Olympique lyonnais
98%
7e RC Lens
96%
3e AS Monaco
95%
10e Lille OSC
94%
4e Stade rennais
93%
5e OGC Nice
92%
9e FC Nantes
90%
1er (Ligue 2) Toulouse FC
89%
6e RC Strasbourg
87%
11e Stade brestois 29
82%
13e Montpellier HSC
82%
12e Stade de Reims
81%
14e SCO Angers
78%
17e Clermont Foot 63
73%
16e FC Lorient
69%
3e (Ligue 2) AJ Auxerre
68%
15e ES Troyes AC
63%
2e (Ligue 2) AC Ajaccio
60%
Aucun quiz correspondant
Distribution des résultats
% des personnes avec chaque résultat
Percentile par nombre de réponses
Votre historique - résultats
Vous n’avez pas pris ce quiz depuis la dernière actualisation